| 000 | 00434pab a2200145 454500 | ||
|---|---|---|---|
| 008 | 180718b xxu||||| |||| 00| 0 eng d | ||
| 100 | _aClay Joy A. | ||
| 245 | _aPublic-institutional processes: beyond conventional wisdom about management processes | ||
| 362 | _a26(2), Aug 1994, p.236-51 | ||
| 650 | _a Public Institutions | ||
| 650 | _a Organisation | ||
| 650 | _aManagement | ||
| 773 | _aAdministration and Society | ||
| 909 | _a27930 | ||
| 999 |
_c27930 _d27930 |
||